[Event "POL-ch U17 Qual"]
[Site "Jastrzebia Gora"]
[Date "2021.11.16"]
[Round "3"]
[White "Piechota, Kamil"]
[Black "Strepikowski, Pawel"]
[Result "1/2-1/2"]
[WhiteElo "1752"]
[BlackElo "1841"]
[PlyCount "71"]
[EventDate "2021.11.15"]
[EventType "swiss"]
[EventRounds "9"]
[EventCountry "POL"]
[SourceTitle "EXT 2023"]
[Source "ChessBase"]
[SourceDate "2022.10.05"]
[SourceVersion "1"]
[SourceVersionDate "2022.10.05"]
[SourceQuality "1"]

1. e4 d6 2. d4 Nf6 3. Nc3 g6 4. Bg5 Bg7 5. e5 Nfd7 6. f4 Nb6 7. Bh4 0-0 8. Nf3 f6 9. Qe2 dxe5 10. fxe5 Bg4 11. 0-0-0 Nc6 12. Qe4 Bh6+ 13. Kb1 Bf5 14. Qe1 Nb4 15. Ne4 N4d5 16. Bf2 c6 17. Nc5 Nd7 18. exf6 exf6 19. Ne6 Bxe6 20. Qxe6+ Kh8 21. g3 Re8 22. Qh3 Bf8 23. Bd3 f5 24. Rhe1 Qf6 25. Nh4 N7b6 26. c3 Na4 27. Kc2 b5 28. Bg1 Kg8 29. Rf1 Qe6 30. Nf3 Naxc3 31. Rde1 Ne4 32. Bxe4 fxe4 33. Qxe6+ Rxe6 34. Ng5 Rf6 35. Rxf6 Nxf6 36. Nxe4 1/2-1/2

[Event "Jastrzebie Zdroj op 4th"]
[Site "Jastrzebie Zdroj"]
[Date "2021.11.13"]
[Round "9"]
[White "Gepfert, Cyprian"]
[Black "Piechota, Kamil"]
[Result "1-0"]
[WhiteElo "1745"]
[BlackElo "1752"]
[PlyCount "115"]
[EventDate "2021.11.07"]
[EventType "swiss"]
[EventRounds "9"]
[EventCountry "POL"]
[SourceTitle "CBM 205 Extra"]
[Source "ChessBase"]
[SourceDate "2022.01.31"]
[SourceVersion "1"]
[SourceVersionDate "2022.01.31"]
[SourceQuality "1"]

1. e4 e5 2. Nf3 Nc6 3. Nc3 Nf6 4. Bb5 d6 5. d4 Bd7 6. Bg5 exd4 7. Nxd4 h6 8. Bxc6 bxc6 9. Bh4 Be7 10. Qd3 0-0 11. 0-0 Ng4 12. Bxe7 Qxe7 13. Rad1 Rfe8 14. Qg3 Rab8 15. b3 Nf6 16. Rfe1 Nh5 17. Qf3 Qg5 18. Nf5 Re5 19. Qe3 Nf4 20. g3 Nh3+ 21. Kg2 Bxf5 22. Qxg5 Nxg5 23. exf5 Rxf5 24. Ne4 Kf8 25. Nxg5 Rxg5 26. Rd4 Re8 27. Rxe8+ Kxe8 28. Ra4 a5 29. Rc4 Kd7 30. Kf3 Rf5+ 31. Ke3 g5 32. h4 f6 33. hxg5 hxg5 34. Ke2 Rb5 35. a3 d5 36. Ra4 Kd6 37. f4 gxf4 38. Rxf4 Ke5 39. Rh4 Rb8 40. Ra4 Rb5 41. Rh4 d4 42. Kd3 Rd5 43. Re4+ Kf5 44. Rxd4 Rxd4+ 45. Kxd4 Kg4 46. b4 axb4 47. a4 Kxg3 48. a5 f5 49. a6 f4 50. a7 f3 51. a8Q f2 52. Qg8+ Kh2 53. Qh7+ Kg1 54. Qg6+ Kh1 55. Qh5+ Kg1 56. Qg5+ Kh2 57. Qf4+ Kg1 58. Qg3+ 1-0

[Event "Jastrzebie Zdroj op 4th"]
[Site "Jastrzebie Zdroj"]
[Date "2021.11.11"]
[Round "7"]
[White "Piechota, Kamil"]
[Black "Tomanec, Samuel"]
[Result "1-0"]
[WhiteElo "1752"]
[BlackElo "1464"]
[PlyCount "39"]
[EventDate "2021.11.07"]
[EventType "swiss"]
[EventRounds "9"]
[EventCountry "POL"]
[SourceTitle "CBM 205 Extra"]
[Source "ChessBase"]
[SourceDate "2022.01.31"]
[SourceVersion "1"]
[SourceVersionDate "2022.01.31"]
[SourceQuality "1"]

1. e4 e5 2. Nf3 Nc6 3. Bc4 Nf6 4. Ng5 Bc5 5. Nxf7 Bxf2+ 6. Kf1 Qe7 7. Nxh8 Qc5 8. d3 d5 9. Bxd5 Bg1 10. Rxg1 Ng4 11. Bxc6+ bxc6 12. Qe1 Nxh2+ 13. Ke2 Bg4+ 14. Kd2 0-0-0 15. Qe3 Qxe3+ 16. Kxe3 Rf8 17. Nd2 Bd1 18. Nf3 Bxf3 19. gxf3 Rxf3+ 20. Kd2 1-0

[Event "Jastrzebie Zdroj op 4th"]
[Site "Jastrzebie Zdroj"]
[Date "2021.11.09"]
[Round "4"]
[White "Piechota, Kamil"]
[Black "Zmarzly, Wiktor"]
[Result "0-1"]
[WhiteElo "1752"]
[BlackElo "1665"]
[PlyCount "50"]
[EventDate "2021.11.07"]
[EventType "swiss"]
[EventRounds "9"]
[EventCountry "POL"]
[SourceTitle "CBM 205 Extra"]
[Source "ChessBase"]
[SourceDate "2022.01.31"]
[SourceVersion "1"]
[SourceVersionDate "2022.01.31"]
[SourceQuality "1"]

1. e4 c5 2. c3 d5 3. exd5 Qxd5 4. d4 Nc6 5. Nf3 Bf5 6. Be3 cxd4 7. cxd4 Bxb1 8. Rxb1 e6 9. a3 Nf6 10. Qa4 Be7 11. Bc4 Qd6 12. Ne5 0-0 13. Nxc6 Qxc6 14. Qxc6 bxc6 15. Ba6 Rab8 16. b4 Nd5 17. Kd2 Rfd8 18. Rbc1 Rd6 19. Be2 Rbd8 20. Bf3 Bf6 21. Ke2 Bxd4 22. Bxd4 Nf4+ 23. Ke3 Rxd4 24. Rxc6 g5 25. Rc3 f5 0-1

[Event "POL-chT U20"]
[Site "Lublin"]
[Date "2021.07.01"]
[Round "6.2"]
[White "Piechota, Kamil"]
[Black "Poltorak, Sebastian"]
[Result "0-1"]
[WhiteElo "1649"]
[BlackElo "2181"]
[PlyCount "82"]
[EventDate "2021.06.26"]
[EventType "team-tourn"]
[EventRounds "9"]
[EventCountry "POL"]
[SourceTitle "CBM 203 Extra"]
[Source "ChessBase"]
[SourceDate "2021.09.30"]
[SourceVersion "1"]
[SourceVersionDate "2021.09.30"]
[SourceQuality "1"]
[WhiteTeam "Rydultowy Ognisko"]
[BlackTeam "Trzebinia UKS Hetman Koronny"]
[WhiteTeamCountry "POL"]
[BlackTeamCountry "POL"]

1. e4 c6 2. d4 d5 3. exd5 cxd5 4. Bd3 Nf6 5. h3 Nc6 6. c3 g6 7. Nf3 Bf5 8. Bf4 Bg7 9. Ne5 0-0 10. Bxf5 gxf5 11. Qd3 e6 12. Nd2 Ne4 13. Nxc6 bxc6 14. g4 Qh4 15. Qf3 Rfe8 16. Nxe4 fxe4 17. Qe3 Qe7 18. 0-0-0 Rac8 19. Bh6 Bh8 20. h4 c5 21. dxc5 Rxc5 22. Bg5 Qc7 23. Bh6 d4 24. Rxd4 Bxd4 25. Qxd4 Qe5 26. Qe3 Rec8 27. Kb1 Qd5 28. Ka1 Ra5 29. a3 Rb8 30. Qf4 Qb3 31. Qc1 Rab5 32. Rd1 f6 33. Rd2 Rd5 34. g5 f5 35. Rxd5 Qxd5 36. c4 Qc5 37. Qc3 e5 38. f4 Qd4 39. Qxd4 exd4 40. Kb1 d3 41. Kc1 e3 0-1

[Event "POL-chT U20"]
[Site "Lublin"]
[Date "2021.06.30"]
[Round "5.2"]
[White "Piechota, Kamil"]
[Black "Kozlowski, Pawel"]
[Result "1-0"]
[WhiteElo "1649"]
[BlackElo "1970"]
[PlyCount "107"]
[EventDate "2021.06.26"]
[EventType "team-tourn"]
[EventRounds "9"]
[EventCountry "POL"]
[SourceTitle "CBM 203 Extra"]
[Source "ChessBase"]
[SourceDate "2021.09.30"]
[SourceVersion "1"]
[SourceVersionDate "2021.09.30"]
[SourceQuality "1"]
[WhiteTeam "Rydultowy Ognisko"]
[BlackTeam "Bialystok MUKS Stoczek 45"]
[WhiteTeamCountry "POL"]
[BlackTeamCountry "POL"]

1. e4 c5 2. Nc3 e6 3. g3 Nc6 4. Bg2 g6 5. d3 Bg7 6. Nge2 Rb8 7. a4 d6 8. 0-0 Nd4 9. f4 Ne7 10. Nxd4 cxd4 11. Ne2 Qc7 12. g4 h5 13. f5 gxf5 14. gxf5 exf5 15. exf5 Bxf5 16. Bg5 Bg4 17. h3 Bxe2 18. Qxe2 Be5 19. Rae1 Rc8 20. Bf6 Rg8 21. Qxh5 Ng6 22. Qh7 Kf8 23. Bg5 Nh8 24. Bh6+ Ke7 25. Re2 Rce8 26. Bg7 Kd8 27. Bxh8 Rxh8 28. Qxf7 Bh2+ 29. Kxh2 Qxf7 30. Rxf7 Rxe2 31. Rxb7 Rh6 32. Kh1 Re1+ 33. Kh2 Re2 34. Kh1 Rxc2 35. b4 Rg6 36. Be4 Rg3 37. Rxa7 Re3 38. Rg7 Re1+ 39. Rg1 Rxg1+ 40. Kxg1 Rb2 41. b5 Ra2 42. h4 Rxa4 43. b6 Ra5 44. Kf2 Rb5 45. b7 Kc7 46. Kf3 d5 47. Bg6 Rxb7 48. h5 Rb1 49. h6 Rh1 50. h7 Kd6 51. Kg4 Ke5 52. Kg5 Rg1+ 53. Kh6 Rh1+ 54. Bh5 1-0

[Event "Jastrzebie Zdroj op"]
[Site "Jastrzebie Zdroj"]
[Date "2019.08.15"]
[Round "4"]
[White "Norov, Artem"]
[Black "Piechota, Kamil"]
[Result "1-0"]
[WhiteElo "1894"]
[BlackElo "1663"]
[PlyCount "81"]
[EventDate "2019.08.12"]
[EventType "swiss"]
[EventRounds "9"]
[EventCountry "POL"]
[SourceTitle "CBM 191 Extra"]
[Source "ChessBase"]
[SourceDate "2019.09.30"]
[SourceVersion "1"]
[SourceVersionDate "2019.09.30"]
[SourceQuality "1"]

1. d4 d5 2. c4 e6 3. Nf3 Nf6 4. Nc3 c6 5. Bg5 Nbd7 6. e3 Qa5 7. Nd2 Bb4 8. Qc2 h6 9. Bxf6 Nxf6 10. Bd3 dxc4 11. Nxc4 Qc7 12. 0-0 0-0 13. e4 c5 14. Nb5 Qd7 15. Ne5 Qd8 16. a3 Ba5 17. dxc5 a6 18. Nd6 Bc7 19. Nf3 b6 20. Nxc8 Rxc8 21. Bxa6 Ra8 22. Bb7 Rb8 23. Rfd1 Qe7 24. c6 Rfd8 25. b4 Rxd1+ 26. Rxd1 Rd8 27. Rxd8+ Qxd8 28. Qd2 Qe7 29. Qd3 Kh8 30. Ba6 Qe8 31. Bb5 Qe7 32. h3 Kg8 33. Bc4 e5 34. Nh4 Qe8 35. Nf5 Kh7 36. b5 g6 37. Ne3 Kg7 38. Nd5 Nxd5 39. Qxd5 Qe7 40. a4 Qd8 41. Qxf7+ 1-0

[Event "Jastrzebie Zdroj op"]
[Site "Jastrzebie Zdroj"]
[Date "2019.08.13"]
[Round "2"]
[White "Galuszka, Tomasz"]
[Black "Piechota, Kamil"]
[Result "1-0"]
[WhiteElo "2113"]
[BlackElo "1663"]
[PlyCount "53"]
[EventDate "2019.08.12"]
[EventType "swiss"]
[EventRounds "9"]
[EventCountry "POL"]
[SourceTitle "CBM 191 Extra"]
[Source "ChessBase"]
[SourceDate "2019.09.30"]
[SourceVersion "1"]
[SourceVersionDate "2019.09.30"]
[SourceQuality "1"]

1. e4 d5 2. exd5 Nf6 3. Bb5+ Bd7 4. Be2 Nxd5 5. d4 e6 6. Nf3 Nc6 7. 0-0 Be7 8. c4 Nb6 9. b3 0-0 10. Bb2 a5 11. a3 Re8 12. Nc3 Na7 13. Re1 c5 14. dxc5 Bxc5 15. Ne4 Be7 16. Qd4 f6 17. Rad1 Bc6 18. Qe3 Qc7 19. Nd4 Bxe4 20. Qxe4 e5 21. Ne6 Qc8 22. Bg4 Qb8 23. Bf5 Kf7 24. Bxh7 Kxe6 25. Qf5+ Kf7 26. Bg6+ Kf8 27. Qe6 1-0

[Event "POL-chT U20 2nd League"]
[Site "Szczyrk"]
[Date "2017.07.30"]
[Round "11.16"]
[White "Piechota, Kamil"]
[Black "Eigner, Jerzy"]
[Result "1/2-1/2"]
[WhiteElo "1393"]
[BlackElo "1202"]
[PlyCount "74"]
[EventDate "2017.07.22"]
[EventType "team-swiss"]
[EventRounds "11"]
[EventCountry "POL"]
[SourceTitle "EXT 2019"]
[Source "ChessBase"]
[SourceDate "2018.10.10"]
[SourceVersion "1"]
[SourceVersionDate "2018.10.10"]
[SourceQuality "1"]

1. e4 c5 2. c3 d5 3. exd5 Qxd5 4. d4 Nc6 5. Nf3 e5 6. dxe5 Qxd1+ 7. Kxd1 Bg4 8. Be2 0-0-0+ 9. Ke1 Nge7 10. h3 Bf5 11. Nbd2 Ng6 12. Nc4 Be7 13. Be3 Be6 14. Nd6+ Kb8 15. Bxc5 Ngxe5 16. Nxe5 Bxd6 17. Nxc6+ bxc6 18. Bxd6+ Rxd6 19. a3 Bb3 20. Kf1 Rd2 21. Bf3 Kc7 22. g4 Rxb2 23. Kg2 Rd8 24. Rhb1 Rdd2 25. Rxb2 Rxb2 26. Be4 Bc2 27. Re1 Kb6 28. Re2 Bxe4+ 29. Rxe4 Rb3 30. Re7 Rxa3 31. Rxf7 a5 32. Rxg7 a4 33. f4 Rxc3 34. f5 a3 35. Rg8 Kb7 36. Rg7+ Kb6 37. Rg8 Kb7 1/2-1/2

[Event "POL-chT U20 2nd League"]
[Site "Szczyrk"]
[Date "2017.07.29"]
[Round "10.46"]
[White "Oklejewicz, Marcin"]
[Black "Piechota, Kamil"]
[Result "0-1"]
[WhiteElo "1237"]
[BlackElo "1393"]
[PlyCount "90"]
[EventDate "2017.07.22"]
[EventType "team-swiss"]
[EventRounds "11"]
[EventCountry "POL"]
[SourceTitle "EXT 2019"]
[Source "ChessBase"]
[SourceDate "2018.10.10"]
[SourceVersion "1"]
[SourceVersionDate "2018.10.10"]
[SourceQuality "1"]

1. e4 e5 2. g3 Nf6 3. Bg2 d5 4. exd5 Nxd5 5. Nf3 Nc6 6. 0-0 Be7 7. d4 Bg4 8. Nbd2 Nxd4 9. c3 Nxf3+ 10. Bxf3 Bxf3 11. Nxf3 f6 12. Qb3 Nb6 13. Be3 Qd5 14. Bxb6 Qxb3 15. axb3 cxb6 16. Rad1 Rd8 17. Nh4 g6 18. Rxd8+ Kxd8 19. Rd1+ Kc7 20. Nf3 Rd8 21. Rd2 b5 22. Kf1 Kc6 23. Ke2 b4 24. Ne1 Rxd2+ 25. Kxd2 Bc5 26. f3 a5 27. Nd3 bxc3+ 28. bxc3 b5 29. Nb2 f5 30. Kd3 Kd5 31. c4+ Kc6 32. h3 Bd4 33. cxb5+ Kxb5 34. Nc4 Kb4 35. f4 Bf2 36. fxe5 Bxg3 37. e6 Bh4 38. Kd4 f4 39. Ke4 a4 40. Kxf4 axb3 41. Nb2 Bf6 42. Kg4 Kc5 43. h4 Kd6 44. Nd3 h5+ 45. Kf3 Bxh4 0-1

[Event "POL-chT U20 2nd League"]
[Site "Szczyrk"]
[Date "2017.07.28"]
[Round "9.69"]
[White "Piechota, Kamil"]
[Black "Szuber, Dawid"]
[Result "1-0"]
[WhiteElo "1393"]
[BlackElo "1333"]
[PlyCount "62"]
[EventDate "2017.07.22"]
[EventType "team-swiss"]
[EventRounds "11"]
[EventCountry "POL"]
[SourceTitle "EXT 2019"]
[Source "ChessBase"]
[SourceDate "2018.10.10"]
[SourceVersion "1"]
[SourceVersionDate "2018.10.10"]
[SourceQuality "1"]

1. e4 c5 2. c3 d5 3. exd5 Qxd5 4. d4 g6 5. Nf3 Bg7 6. Be3 cxd4 7. cxd4 Nh6 8. Qc1 Qe6 9. Bc4 Qc6 10. Na3 Qe4 11. 0-0 Nf5 12. Bxf7+ Kd7 13. d5 Kd8 14. Ng5 Qe5 15. Be6 Bxe6 16. Nxe6+ Kd7 17. Bf4 Qxd5 18. Rd1 Qxd1+ 19. Qxd1+ Kxe6 20. Qb3+ Kf6 21. Qxb7 Nd7 22. Qxd7 Kf7 23. Re1 Rhe8 24. Nc4 Bf6 25. g4 Nh4 26. Nd6+ Kf8 27. Nxe8 Nf3+ 28. Kf1 Nxe1 29. Nxf6 exf6 30. Kxe1 Re8+ 31. Kd2 Re7 1-0

[Event "POL-chT U19 2nd League"]
[Site "Iwonicz"]
[Date "2015.08.01"]
[Round "3.94"]
[White "Piechota, Kamil"]
[Black "Stefanski, Adam"]
[Result "0-1"]
[WhiteElo "1393"]
[BlackElo "1196"]
[PlyCount "124"]
[EventDate "2015.07.25"]
[EventType "team-swiss"]
[EventRounds "11"]
[EventCountry "POL"]
[SourceTitle "EXT 2019"]
[Source "ChessBase"]
[SourceDate "2018.10.10"]
[SourceVersion "1"]
[SourceVersionDate "2018.10.10"]
[SourceQuality "1"]
[WhiteTeam "Rydultowy Ognisko U19 II"]
[BlackTeam "Malopolski Skoczek Sedziszow U19"]
[WhiteTeamCountry "POL"]
[BlackTeamCountry "POL"]

1. e4 c6 2. d4 d5 3. exd5 cxd5 4. c4 Nf6 5. Nc3 Be6 6. c5 Nc6 7. Bb5 Qc7 8. Nf3 Bd7 9. Qb3 e6 10. 0-0 g6 11. Re1 Ne7 12. Bxd7+ Qxd7 13. Nb5 Nc6 14. Bf4 Rc8 15. Ne5 Nxe5 16. Bxe5 Qd8 17. Nxa7 Rb8 18. Bxb8 Qxb8 19. Nc6 Qc7 20. Ne5 Bg7 21. Qa4+ Nd7 22. Nxd7 Qxd7 23. Qxd7+ Kxd7 24. Red1 Rc8 25. a4 Kc7 26. b4 b6 27. a5 bxc5 28. bxc5 Ra8 29. Kf1 e5 30. dxe5 Bxe5 31. Ra3 d4 32. f4 Bxf4 33. Rxd4 Bc1 34. Ra2 Be3 35. Rc4 Kc6 36. Rc3 Bxc5 37. Rb3 Ra6 38. Ke2 h5 39. Kd3 Kd5 40. Rb5 Kc6 41. Kc4 Bg1 42. h3 f5 43. Re2 Kd7 44. Rd5+ Kc7 45. Re7+ Kc8 46. Kb5 Rf6 47. a6 Rb6+ 48. Ka5 Rb1 49. Rd3 Ra1+ 50. Kb5 Rb1+ 51. Ka4 Ra1+ 52. Ra3 Rxa3+ 53. Kxa3 Bc5+ 54. Kb3 Bxe7 55. Kc4 f4 56. Kd5 g5 57. Ke5 Kb8 58. h4 g4 59. Kxf4 Bxh4 60. Kf5 Bd8 61. g3 Ka7 62. Kf4 Kxa6 0-1